| 000 | 00913nam a22002417a 4500 | ||
|---|---|---|---|
| 999 |
_c7401 _d7401 |
||
| 003 | AR-CdUCM | ||
| 008 | 190320b ||||| |||| 00| 0 spa d | ||
| 040 |
_aMUNICIPALIDAD PROVINCIAL DEL CUSCO _cBIBLIOTECA MUNICIPAL DEL CUSCO |
||
| 041 | _heng. | ||
| 082 |
_a691.08 / _bCM |
||
| 100 |
_aHayden, Wayden _920866 |
||
| 245 | _aPropiedades mecánicas / | ||
| 260 |
_aMéxico : _bLimusa, _c1968 |
||
| 300 |
_a253 paginas ; _bdiagramas, _c23 cm. |
||
| 440 |
_aColección introducción a la ciencia de materiales _920867 |
||
| 505 | _aContenido :Pruebas mecánicas --Propiedades elásticas --Anelastecidad --Dislocaciones --Microplasticidad de cristales --Deformación plástica --Fractura ... | ||
| 650 |
_aPropiedades Mecanicas _920868 |
||
| 700 |
_aWilliam G. Morffatt _920869 |
||
| 700 |
_aJohn Wulff _920870 |
||
| 700 |
_aMiguel Verduzco Rodriguez (traductor) _920871 |
||
| 942 |
_2ddc _cLIBROS |
||
| 945 | _arjall | ||